[Event "Dutch Open 2014"]
[Site "Dieren NED"]
[Date "2014.07.22"]
[Round "1.1"]
[White "L'Ami, Erwin"]
[Black "Maatman, Nick"]
[Result "1-0"]
[WhiteTitle "GM"]
[WhiteElo "2650"]
[BlackElo "2211"]
[WhiteFideId "1007998"]
[BlackFideId "1040391"]
[EventDate "2014.07.22"]

1. d4 Nf6 2. c4 c5 3. d5 e6 4. Nc3 exd5 5. cxd5 d6 6. e4 g6 7. f4 Bg7 8. Bb5+
Nfd7 9. Nf3 O-O 10. a4 Na6 11. O-O Nb4 12. h3 a6 13. Bc4 Re8 14. Re1 Rb8 15. Kh1
h6 16. g4 Nf6 17. f5 Nd7 18. Rf1 Kh7 19. Bf4 Be5 20. fxg6+ fxg6 21. Nxe5 Nxe5
22. Bxe5 Rxe5 23. Qf3 Qh8 24. Rf2 Bd7 25. Raf1 Be8 26. Qg3 Qg7 27. Rf6 Rd8 28.
Re6 Bf7 29. Rxe5 dxe5 30. Qf2 Be8 31. Qxc5 Nc2 32. d6 h5 33. Nd5 hxg4 34. Nf6+
Kh6 35. Qf2 1-0

[Event "Dutch Open 2014"]
[Site "Dieren NED"]
[Date "2014.07.22"]
[Round "1.2"]
[White "Vogel, Jaap"]
[Black "Ikonnikov, Vyacheslav"]
[Result "0-1"]
[WhiteTitle "FM"]
[BlackTitle "GM"]
[WhiteElo "2209"]
[BlackElo "2556"]
[WhiteFideId "1000764"]
[BlackFideId "4100972"]
[EventDate "2014.07.22"]

1. d4 Nf6 2. Nf3 e6 3. g3 b5 4. Bg2 Bb7 5. O-O c5 6. c3 Be7 7. Bg5 cxd4 8. cxd4
h6 9. Bf4 O-O 10. a3 a6 11. Nc3 d5 12. Bxb8 Rxb8 13. Ne5 Rc8 14. e3 Ne4 15. Ne2
a5 16. Qd3 b4 17. f3 Nd6 18. axb4 axb4 19. b3 Ra8 20. Qd2 Nb5 21. Nf4 Ra3 22.
Nfd3 Rxb3 23. Nc5 Bxc5 24. dxc5 Qc7 25. Nd3 Na3 26. Rfc1 Nc4 27. Qd1 Ra3 28. Qe1 0-1

[Event "Dutch Open 2014"]
[Site "Dieren NED"]
[Date "2014.07.22"]
[Round "1.3"]
[White "Ernst, Sipke"]
[Black "Warmerdam, Max"]
[Result "1-0"]
[WhiteTitle "GM"]
[WhiteElo "2554"]
[BlackElo "2207"]
[WhiteFideId "1004689"]
[BlackFideId "1048104"]
[EventDate "2014.07.22"]

1. Nf3 Nf6 2. c4 g6 3. Nc3 Bg7 4. e4 d6 5. d4 O-O 6. Be2 e5 7. O-O Nc6 8. dxe5
Nxe5 9. Nd4 Re8 10. f3 c6 11. Kh1 Qc7 12. Bg5 Ned7 13. Qd2 Nc5 14. Rfd1 Rd8 15.
Ndb5 Qb8 16. e5 cxb5 17. exf6 b4 18. Nd5 Bf8 19. Bh6 Bxh6 20. Qxh6 1-0

[Event "Dutch Open 2014"]
[Site "Dieren NED"]
[Date "2014.07.22"]
[Round "1.4"]
[White "Ypma, Peter"]
[Black "Horvath, Csaba"]
[Result "0-1"]
[BlackTitle "GM"]
[WhiteElo "2203"]
[BlackElo "2542"]
[WhiteFideId "1027255"]
[BlackFideId "700118"]
[EventDate "2014.07.22"]

1. e4 g6 2. f4 d5 3. d3 Bg7 4. Be2 dxe4 5. dxe4 Qxd1+ 6. Bxd1 b6 7. e5 Bb7 8.
Bf3 Nc6 9. Bd2 f6 10. Bc3 fxe5 11. Nd2 O-O-O 12. Bxc6 Bxc6 13. Ngf3 Nh6 14. O-O
Nf5 15. Nxe5 Bxe5 16. fxe5 Ne3 17. Rf7 Rhf8 18. e6 Rxf7 19. exf7 Rf8 20. Re1 Nd5
21. Nc4 Nxc3 22. Ne5 Na4 23. Nxc6 Rxf7 24. Rxe7 Rxe7 25. Nxe7+ Kd7 26. Nd5 Nxb2
27. Nf6+ Ke7 28. Nxh7 Nd1 29. Ng5 Nc3 30. a3 a5 31. Kf2 Nb5 32. a4 Nc3 33. Ke3
Nxa4 34. Kd4 Nc5 35. Nf3 Kd6 36. h4 b5 37. g4 a4 38. Ne1 b4 39. h5 gxh5 40. gxh5
a3 41. c3 b3 42. h6 b2 43. h7 b1=Q 44. h8=Q Qe4# 0-1

[Event "Dutch Open 2014"]
[Site "Dieren NED"]
[Date "2014.07.22"]
[Round "1.5"]
[White "Sengupta, Deep"]
[Black "Van Osch, Mees"]
[Result "1-0"]
[WhiteTitle "GM"]
[WhiteElo "2533"]
[BlackElo "2200"]
[WhiteFideId "5008352"]
[BlackFideId "1035967"]
[EventDate "2014.07.22"]

1. e4 c5 2. Nf3 d6 3. d4 cxd4 4. Nxd4 Nf6 5. Nc3 Nc6 6. Bg5 Bd7 7. Qd2 Rc8 8. f3
Nxd4 9. Qxd4 Qa5 10. h4 Qe5 11. Qxa7 Nh5 12. O-O-O Ng3 13. Qxb7 Rxc3 14. bxc3 f6
15. Qa8+ Kf7 16. Bc4+ e6 17. Qd8 Ba4 18. Qc7+ Be7 19. Bd2 Nxh1 20. Rxh1 Rd8 21.
Re1 Rd7 22. Qc8 Rd8 23. Qa6 Bd7 24. Bb3 Qc5 25. f4 Bc8 26. Qd3 Qh5 27. Qh3 d5
28. g4 Qh6 29. exd5 exd5 30. f5 g5 31. Qe3 Qf8 32. hxg5 fxg5 33. Qxe7+ 1-0

[Event "Dutch Open 2014"]
[Site "Dieren NED"]
[Date "2014.07.22"]
[Round "1.6"]
[White "Kollen, Zyon"]
[Black "Hausrath, Daniel"]
[Result "1/2-1/2"]
[BlackTitle "GM"]
[WhiteElo "2196"]
[BlackElo "2526"]
[WhiteFideId "1024256"]
[BlackFideId "4617495"]
[EventDate "2014.07.22"]

1. e4 c5 2. Nf3 Nc6 3. d4 cxd4 4. Nxd4 g6 5. Nc3 Bg7 6. Be3 Nf6 7. Bc4 O-O 8.
O-O d6 9. h3 Bd7 10. Nxc6 Bxc6 11. Qd3 Nxe4 12. Nxe4 d5 13. Nc5 dxc4 14. Qxc4
Qc8 15. c3 b6 16. Nb3 Qb7 17. f3 Rac8 18. Qe2 Bd5 19. Rfe1 e5 20. Rad1 Bc4 21.
Qc2 Qa6 22. Nc1 Rfe8 23. b3 Be6 24. c4 b5 25. c5 b4 26. Nd3 Qb5 27. Qd2 a5 28.
Nb2 e4 29. fxe4 Rxc5 30. Bxc5 Qxc5+ 31. Kh1 Bc3 32. Qc2 Qe5 33. Nd3 Qg3 34. Rf1
Bc8 35. Qf2 Qxf2 36. Nxf2 Ba6 37. Nd3 Bb5 38. Rf4 Re7 39. Nf2 Be2 40. Rd8+ Kg7
41. Nd3 h5 42. Rd5 Kg8 43. Nc5 Bb5 44. Na4 Be5 45. Rf3 Bc6 46. Rxa5 Bxe4 47. Rf1
Bg3 48. Nc5 Bc6 49. Nd3 Re2 50. Rg1 Be4 51. Nxb4 Bf2 52. Re5 Bxg1 53. Kxg1 f5
54. Kf1 Rb2 55. g4 Bg2+ 56. Ke1 fxg4 57. hxg4 h4 58. Re2 h3 59. Rxb2 h2 60. Rxg2
h1=Q+ 61. Kf2 Qd1 62. a3 Qxb3 63. Rg3 Qb2+ 64. Kg1 Qd4+ 65. Kg2 g5 66. Nd3 Qe4+
67. Kg1 Kf7 68. Nf2 Qc6 69. a4 Qxa4 70. Rf3+ Ke6 71. Rf5 Qxg4+ 72. Nxg4 Kxf5 73.
Nf2 g4 74. Nxg4 1/2-1/2

[Event "Dutch Open 2014"]
[Site "Dieren NED"]
[Date "2014.07.22"]
[Round "1.7"]
[White "Pruijssers, Roeland"]
[Black "Van Foreest, Lucas"]
[Result "1-0"]
[WhiteTitle "GM"]
[WhiteElo "2517"]
[BlackElo "2192"]
[WhiteFideId "1013068"]
[BlackFideId "1039792"]
[EventDate "2014.07.22"]

1. e4 e5 2. Nf3 Nc6 3. Bc4 Bc5 4. O-O Nf6 5. d3 d6 6. c3 O-O 7. Nbd2 a6 8. Bb3
d5 9. exd5 Nxd5 10. Ne4 Be7 11. Re1 Re8 12. Nfg5 Rf8 13. Qf3 Be6 14. Nxe6 fxe6
15. Qg4 Qd7 16. Bh6 Rf7 17. Rad1 Kh8 18. Bc1 Raf8 19. g3 Na5 20. Bc2 Nf6 21.
Nxf6 Rxf6 22. Be3 Nc6 23. Rd2 Rg6 24. Qh3 Nd4 25. Bd1 Nf3+ 26. Bxf3 Rxf3 27. d4
e4 28. d5 Bd6 29. Bd4 Qf7 30. Rxe4 exd5 31. Qc8+ Bf8 32. Re8 Qf5 33. Qxc7 h5 34.
Qd8 Kh7 35. Re5 Qb1+ 36. Kg2 Rf5 37. Rde2 h4 38. Qxh4+ Rh6 39. Qg4 Rff6 40. Rg5
Rfg6 41. Ree5 Qc2 42. Qf5 Qxf5 43. Rgxf5 1-0

[Event "Dutch Open 2014"]
[Site "Dieren NED"]
[Date "2014.07.22"]
[Round "1.8"]
[White "Maris, Ivo"]
[Black "Van Foreest, Jorden"]
[Result "0-1"]
[BlackTitle "FM"]
[WhiteElo "2178"]
[BlackElo "2461"]
[WhiteFideId "1028146"]
[BlackFideId "1039784"]
[EventDate "2014.07.22"]

1. e4 c5 2. b3 Nc6 3. Bb2 e5 4. f4 exf4 5. Nf3 d6 6. Bc4 Nf6 7. Ng5 Be6 8. Bxe6
fxe6 9. Nxe6 Qe7 10. Nxf4 Qxe4+ 11. Qe2 Qxe2+ 12. Nxe2 b5 13. a4 b4 14. Nf4 Kd7
15. O-O Be7 16. d3 Rhf8 17. Nd2 g5 18. Nh3 Nd5 19. Rxf8 Rxf8 20. Re1 Nc3 21. Ne4
Nxe4 22. Rxe4 Rf7 23. Nf2 Bf6 24. Bxf6 Rxf6 25. Ng4 Rf7 26. Ne3 Nd4 27. h4 Rf4
28. h5 Rxe4 29. dxe4 Ke6 30. h6 Ke5 31. Ng4+ Kxe4 32. Nf6+ Kf5 33. Nxh7 Ne6 34.
Nxg5 Nxg5 0-1

[Event "Dutch Open 2014"]
[Site "Dieren NED"]
[Date "2014.07.22"]
[Round "1.9"]
[White "Das, Arghyadip"]
[Black "Markus, John Raymond"]
[Result "1-0"]
[WhiteTitle "IM"]
[WhiteElo "2439"]
[BlackElo "2143"]
[WhiteFideId "5003610"]
[BlackFideId "1001213"]
[EventDate "2014.07.22"]

1. e4 g6 2. d4 Bg7 3. Nc3 d6 4. Bg5 a6 5. a4 b6 6. f4 c5 7. d5 Qc7 8. Nf3 Nd7 9.
Bc4 h6 10. Bh4 Ngf6 11. Qe2 Nh5 12. Qd2 g5 13. fxg5 hxg5 14. Bxg5 Ne5 15. Be2
Ng3 16. Rg1 Nxe2 17. Qxe2 Bg4 18. Bf4 Ng6 19. Bg3 c4 20. Qf2 O-O-O 21. Nd4 Bd7
22. Nf5 Bxc3+ 23. bxc3 Bxf5 24. Qxf5+ Kb8 25. Rb1 Ka8 26. Qxf7 Ne5 27. Qf2 Rb8
28. Qd4 Rhf8 29. Rf1 Rxf1+ 30. Kxf1 Nd7 31. Kg1 Rc8 32. Bh4 Ne5 33. Qxb6 Qxb6+
34. Rxb6 Ka7 35. Bf2 1-0

[Event "Dutch Open 2014"]
[Site "Dieren NED"]
[Date "2014.07.22"]
[Round "1.10"]
[White "Go, Benjamin"]
[Black "Goudriaan, Etienne"]
[Result "0-1"]
[BlackTitle "IM"]
[WhiteElo "2133"]
[BlackElo "2401"]
[WhiteFideId "1014560"]
[BlackFideId "1021150"]
[EventDate "2014.07.22"]

1. e4 e5 2. Nf3 Nc6 3. Bc4 Bc5 4. O-O Nf6 5. d4 Bxd4 6. Nxd4 Nxd4 7. f4 d6 8.
fxe5 dxe5 9. Bg5 Be6 10. Nd2 Qd6 11. c3 O-O-O 12. cxd4 Qxd4+ 13. Kh1 Bxc4 14.
Nxc4 Qxc4 15. Qf3 Rd3 16. Qf5+ Qe6 17. Qxe6+ fxe6 18. Rae1 Rf8 19. Re2 Kd7 20.
Bd2 c5 21. Bc3 Kd6 22. Kg1 b5 23. a3 Nd7 24. Ree1 Rf6 25. Rc1 c4 26. Rfe1 Nc5
27. b4 Nd7 28. Rcd1 Rxd1 29. Rxd1+ Kc6 30. Re1 g6 31. Re3 Kd6 32. g3 Nb8 33. Kg2
Nc6 34. Re2 Rf7 35. Ra2 Kc7 36. a4 a6 37. axb5 axb5 38. Rd2 Rf8 39. Ra2 Rd8 40.
Rd2 Ra8 0-1

[Event "Dutch Open 2014"]
[Site "Dieren NED"]
[Date "2014.07.22"]
[Round "1.11"]
[White "Stany, G.A."]
[Black "Vos, Tjark"]
[Result "1-0"]
[WhiteTitle "IM"]
[WhiteElo "2399"]
[BlackElo "2130"]
[WhiteFideId "5029104"]
[BlackFideId "1020870"]
[EventDate "2014.07.22"]

1. e4 e6 2. d4 d5 3. e5 c5 4. c3 Nc6 5. Nf3 Nh6 6. a3 Qb6 7. b4 cxd4 8. cxd4 Nf5
9. Bb2 Be7 10. Bd3 O-O 11. O-O a5 12. b5 Bd7 13. Nc3 Ncxd4 14. Nxd4 Qxd4 15.
Bxf5 Qxd1 16. Rfxd1 exf5 17. Nxd5 Bd8 18. Nf6+ gxf6 19. Rxd7 fxe5 20. Bxe5 Re8
21. f4 Rc8 22. Rxb7 f6 23. Bd4 Re2 24. Rd1 Be7 25. b6 Rd8 26. Rc7 Bd6 27. Rc3
Bxf4 28. b7 Ree8 29. Rf1 Bd2 30. Rg3+ Kf7 31. Ba7 f4 32. Rgf3 Kg7 33. b8=Q Rxb8
34. Bxb8 Rxb8 35. Rd3 Be3+ 36. Kh1 Rb2 37. Rd5 Bb6 38. h3 Kg6 39. a4 Ra2 40. Rb1
Bc7 41. Rc5 Bd8 42. Rd1 Bb6 43. Rb5 Bc7 44. Rc1 Be5 45. Rxa5 f3 46. gxf3 Rh2+
47. Kg1 Rxh3 48. Kf2 h5 49. Ra8 Rh2+ 50. Ke3 Kf5 51. Rc4 h4 52. Rh8 Bg3 53. Rc5+
Be5 54. a5 Rh1 55. a6 Ra1 56. Rc6 Bg3 57. Kd3 Kg6 58. Rf8 Be5 59. Rh8 Bg3 60.
Ra8 Kf5 61. Rf8 Be5 62. Rh8 Bg3 63. Kc2 Kg6 64. Kb2 Be5+ 65. Kb3 Bg3 66. Rf8 Be5
67. Rh8 Bg3 68. Ra8 Kf5 69. Rf8 Be5 70. f4 Kxf4 71. Rc4+ Ke3 72. Ra4 Rb1+ 73.
Kc2 Rb2+ 74. Kc1 Rb8 75. Rxb8 Bxb8 76. Rxh4 f5 77. Rh8 Ba7 78. Rh7 Bd4 79. a7 1-0

[Event "Dutch Open 2014"]
[Site "Dieren NED"]
[Date "2014.07.22"]
[Round "1.12"]
[White "Tromp, Pieter"]
[Black "Pijpers, Arthur"]
[Result "0-1"]
[WhiteElo "2127"]
[BlackElo "2371"]
[WhiteFideId "1026402"]
[BlackFideId "1019554"]
[EventDate "2014.07.22"]

1. d4 d5 2. c4 c6 3. Nf3 Nf6 4. e3 Bg4 5. h3 Bxf3 6. Qxf3 e6 7. Nc3 Nbd7 8. Bd3
Bb4 9. O-O O-O 10. a3 Bxc3 11. bxc3 Re8 12. e4 Nxe4 13. Bxe4 dxe4 14. Qxe4 Qa5
15. Rb1 Qa6 16. c5 b5 17. cxb6 Nxb6 18. Qxc6 Qd3 19. Be3 Nd5 20. Rb7 Qxc3 21.
Qd7 Re7 22. Rxa7 Rf8 23. Qa4 Rxa7 24. Qxa7 Nxe3 25. fxe3 Qxe3+ 26. Kh2 e5 27.
Qe7 Qxd4 28. Re1 f6 29. Qe6+ Kh8 30. Rb1 Qf4+ 31. Kh1 h6 32. Qg4 Qxg4 33. hxg4
Ra8 34. Ra1 Ra4 35. Kh2 Kh7 36. Kg3 Kg6 37. Kf3 Kg5 38. Ra2 e4+ 39. Kg3 g6 40.
Ra1 h5 41. gxh5 gxh5 42. Kf2 h4 43. Ra2 f5 44. g3 h3 45. Kg1 Kg4 46. Kh2 e3 0-1

[Event "Dutch Open 2014"]
[Site "Dieren NED"]
[Date "2014.07.22"]
[Round "1.13"]
[White "Wiersma, Eelke"]
[Black "Sparenberg, Erik"]
[Result "1-0"]
[WhiteTitle "IM"]
[WhiteElo "2354"]
[BlackElo "2119"]
[WhiteFideId "1002864"]
[BlackFideId "1013262"]
[EventDate "2014.07.22"]

1. d4 Nf6 2. c4 g6 3. Nc3 Bg7 4. e4 O-O 5. Be3 d6 6. f3 Nbd7 7. Nh3 a6 8. Be2 c5
9. d5 Ne8 10. O-O Rb8 11. Qd2 Nc7 12. a4 Nf6 13. Nf2 Bd7 14. a5 b5 15. axb6 Rxb6
16. Nd3 Qb8 17. Ra2 Qb7 18. e5 Nfe8 19. f4 Qc8 20. Nxc5 dxc5 21. Bxc5 Nxd5 22.
Qxd5 e6 23. Qd4 Rc6 24. b4 1-0

[Event "Dutch Open 2014"]
[Site "Dieren NED"]
[Date "2014.07.22"]
[Round "1.14"]
[White "Losekoot, Pascal"]
[Black "De Jong, Migchiel"]
[Result "0-1"]
[BlackTitle "IM"]
[WhiteElo "2114"]
[BlackElo "2345"]
[WhiteFideId "1012410"]
[BlackFideId "1002848"]
[EventDate "2014.07.22"]

1. e4 c5 2. Nf3 e6 3. d4 cxd4 4. Nxd4 a6 5. Nc3 b5 6. Be3 Bb7 7. Bd3 d6 8. f4
Nf6 9. Qf3 Nbd7 10. g4 h6 11. O-O-O Rc8 12. Nb3 Rxc3 13. bxc3 Qc7 14. h4 d5 15.
g5 dxe4 16. Qh3 Ba3+ 17. Kb1 Nd5 18. Bd2 Nxc3+ 19. Ka1 Nxd1 20. Rxd1 exd3 21.
Qxd3 Qc4 0-1

[Event "Dutch Open 2014"]
[Site "Dieren NED"]
[Date "2014.07.22"]
[Round "1.15"]
[White "Von Meijenfeldt, Bart"]
[Black "Gouw, Carol-Peter"]
[Result "1-0"]
[WhiteElo "2331"]
[BlackElo "2110"]
[WhiteFideId "1032259"]
[BlackFideId "1007629"]
[EventDate "2014.07.22"]

1. e4 d6 2. d4 Nf6 3. Nc3 g6 4. Be3 c6 5. Qd2 b5 6. f3 Nbd7 7. d5 cxd5 8. Nxd5
Nxd5 9. Qxd5 Rb8 10. Bd4 Bb7 11. Qb3 e5 12. Be3 Be7 13. O-O-O a6 14. Kb1 O-O 15.
h4 Qc7 16. h5 Nc5 17. Qc3 Rfc8 18. Nh3 b4 19. Qd2 Na4 20. hxg6 hxg6 21. Qd3 d5
22. Qb3 Nc3+ 23. bxc3 bxc3 24. Bb6 Qd7 25. a4 a5 26. exd5 Bxd5 27. Rxd5 Rxb6 28.
Bb5 1-0

[Event "Dutch Open 2014"]
[Site "Dieren NED"]
[Date "2014.07.22"]
[Round "1.16"]
[White "Bus, Tom"]
[Black "Sowray, Peter J"]
[Result "0-1"]
[BlackTitle "FM"]
[WhiteElo "2108"]
[BlackElo "2325"]
[WhiteFideId "1014374"]
[BlackFideId "400971"]
[EventDate "2014.07.22"]

1. c4 d6 2. g3 g6 3. Bg2 Bg7 4. Nc3 f5 5. d3 Nf6 6. e4 fxe4 7. dxe4 O-O 8. Nge2
c5 9. O-O Nc6 10. h3 e5 11. a3 Be6 12. Nd5 Qd7 13. Kh2 Nd4 14. a4 Rf7 15. Ra3
Raf8 16. f3 Kh8 17. Ng1 Ng8 18. h4 Ne7 19. Bg5 Ng8 20. Qd2 h6 21. Be3 Kh7 22. a5
Nf6 23. Rc1 Nh5 24. Bf2 Qd8 25. b4 cxb4 26. Qxb4 g5 27. hxg5 Qxg5 28. Qe1 Nxg3
29. Bxg3 Qh5+ 30. Bh3 Rxf3 31. Rcc3 Rf1 32. Qe3 Bxh3 33. Nxh3 Rh1+ 34. Kxh1
Qxh3+ 35. Bh2 Rf1+ 36. Qg1 Rxg1+ 37. Kxg1 Ne2+ 38. Kh1 Qf1+ 0-1

[Event "Dutch Open 2014"]
[Site "Dieren NED"]
[Date "2014.07.22"]
[Round "1.17"]
[White "Saravanan, V."]
[Black "Boersma, Jan"]
[Result "1-0"]
[WhiteTitle "IM"]
[WhiteElo "2320"]
[BlackElo "2101"]
[WhiteFideId "5000580"]
[BlackFideId "1003267"]
[EventDate "2014.07.22"]

1. Nf3 Nf6 2. c4 g6 3. Nc3 Bg7 4. e4 O-O 5. d4 d6 6. Be2 Bg4 7. Be3 a6 8. h3
Bxf3 9. gxf3 Nc6 10. d5 Nb8 11. Qd2 e5 12. dxe6 fxe6 13. f4 Nc6 14. O-O-O Qe7
15. h4 b5 16. cxb5 axb5 17. Bxb5 Nb4 18. Bc4 Kh8 19. a3 Nc6 20. Qe2 Nh5 21. f5
exf5 22. Bd5 Bxc3 23. Bxc6 Bg7 24. Bxa8 Rxa8 25. exf5 Qe5 26. Qc2 Ra4 27. Rd2
Qb5 28. Kd1 Rc4 29. Qd3 Qc6 30. Ke2 d5 31. Qxd5 Qxd5 32. Rxd5 Bxb2 33. Rb1 Bxa3
34. Rd7 Bb4 35. Rd4 1-0

[Event "Dutch Open 2014"]
[Site "Dieren NED"]
[Date "2014.07.22"]
[Round "1.18"]
[White "Buckels, Valentin"]
[Black "Beukema, Stefan"]
[Result "1-0"]
[BlackTitle "FM"]
[WhiteElo "2100"]
[BlackElo "2305"]
[WhiteFideId "12942766"]
[BlackFideId "1024523"]
[EventDate "2014.07.22"]

1. d4 f5 2. Nf3 Nf6 3. g3 g6 4. Bg2 Bg7 5. O-O O-O 6. b3 Ne4 7. Bb2 c5 8. e3 Nc6
9. c4 Qa5 10. Qe2 d6 11. dxc5 Bxb2 12. Qxb2 Nxc5 13. Nc3 e5 14. Rfd1 e4 15. Ne1
Be6 16. Rxd6 Rad8 17. Rdd1 Ne5 18. Bf1 Ncd3 19. Nxd3 exd3 20. Bg2 Rfe8 21. Nb5
Bf7 22. Nd4 Qb6 23. Qc3 Qf6 24. Rac1 g5 25. Bxb7 f4 26. exf4 gxf4 27. Kg2 Bh5
28. Bd5+ Rxd5 29. cxd5 Bxd1 30. Rxd1 fxg3 31. hxg3 Ng4 32. Rd2 Ne5 33. f4 Ng4
34. Qc6 Qf7 35. Ne6 Qh5 36. Kg1 Nf6 1-0

[Event "Dutch Open 2014"]
[Site "Dieren NED"]
[Date "2014.07.22"]
[Round "1.19"]
[White "Kolbus, Dietmar"]
[Black "Op Den Dries, Johan"]
[Result "1-0"]
[WhiteTitle "IM"]
[WhiteElo "2303"]
[BlackElo "2098"]
[WhiteFideId "4610628"]
[BlackFideId "1021257"]
[EventDate "2014.07.22"]

1. c4 Nc6 2. d4 d5 3. Nf3 Bg4 4. cxd5 Bxf3 5. dxc6 Bxc6 6. Nc3 e5 7. d5 Bd7 8.
g3 f5 9. e4 Nf6 10. exf5 Bxf5 11. Bg2 Bd6 12. Qa4+ Qd7 13. Qxd7+ Bxd7 14. O-O
O-O 15. h3 Rae8 16. Be3 a6 17. Rfd1 b5 18. Rac1 b4 19. Ne2 Bb5 20. Rd2 e4 21.
Nf4 Rf7 22. Bf1 Bxf1 23. Rxf1 Bxf4 24. Bxf4 Rd7 25. Rfd1 Red8 26. d6 cxd6 27.
Rd4 d5 28. Rxb4 Kf7 29. Rdd4 Nh5 30. Bg5 Nf6 31. Ra4 Rd6 32. Ra5 Ke6 33. Rc5 Rb6
34. Rc2 Rd7 35. b3 Ne8 36. Be3 Rb5 37. Bf4 Kf5 38. Rc8 Nf6 39. Rc6 a5 40. Bd2 h5
41. Kf1 Ra7 42. Ke2 a4 43. b4 Nd7 44. f3 exf3+ 45. Ke3 Ne5 46. Rf4+ 1-0

[Event "Dutch Open 2014"]
[Site "Dieren NED"]
[Date "2014.07.22"]
[Round "1.20"]
[White "Evengroen, Henk-Jan"]
[Black "Afek, Yochanan"]
[Result "1/2-1/2"]
[BlackTitle "IM"]
[WhiteElo "2095"]
[BlackElo "2298"]
[WhiteFideId "1019252"]
[BlackFideId "2800462"]
[EventDate "2014.07.22"]

1. d4 Nf6 2. c4 c5 3. d5 e6 4. Nc3 exd5 5. cxd5 d6 6. e4 g6 7. Bd3 Bg7 8. Nf3
O-O 9. O-O Na6 10. Bf4 Nc7 11. a4 a6 12. Qb3 Nh5 13. Bg5 f6 14. Be3 Kh8 15. Rfe1
Rb8 16. h3 f5 17. Bg5 Bf6 18. Bh6 Re8 19. exf5 Bxf5 20. Ne4 Bxe4 21. Bxe4 b5 22.
a5 Bg7 23. Bg5 Qd7 24. Nd2 c4 25. Qc2 Qf7 26. Re3 Nxd5 27. Rf3 Qe6 28. Rd1 Nb4
29. Qb1 d5 30. Bxg6 Qxg6 31. Qxg6 hxg6 32. g4 Re5 33. h4 Rbe8 34. gxh5 Re1+ 35.
Rxe1 Rxe1+ 36. Kg2 gxh5 37. Rf5 Bxb2 38. Nf3 Re6 39. Be3 Rxe3 40. fxe3 c3 41.
Nd4 c2 42. Nxc2 Nxc2 43. Kf3 Nb4 44. e4 dxe4+ 45. Kxe4 Kg7 46. Rxh5 Bf6 47. Rf5
Bxh4 48. Kd4 Bd8 49. Kc5 Bxa5 50. Rh5 Nd3+ 51. Kc6 Bd8 52. Kb7 Nb4 53. Rf5 Kg6
54. Rf4 a5 55. Rf8 Be7 56. Ra8 a4 57. Ra5 Nd3 58. Kc6 b4 59. Rxa4 b3 60. Ra1 Kf5
61. Kd5 Kf4 62. Rb1 b2 63. Kd4 Nc5 64. Rxb2 1/2-1/2

[Event "Dutch Open 2014"]
[Site "Dieren NED"]
[Date "2014.07.22"]
[Round "1.21"]
[White "Chalmeta Ugas, Ramon"]
[Black "Kathstede, Gerd"]
[Result "1-0"]
[WhiteTitle "FM"]
[WhiteElo "2292"]
[BlackElo "2082"]
[WhiteFideId "2256339"]
[BlackFideId "4662199"]
[EventDate "2014.07.22"]

1. e4 c5 2. Nf3 g6 3. d4 cxd4 4. Nxd4 Nc6 5. Nc3 Bg7 6. Nxc6 bxc6 7. Bc4 d6 8.
Qf3 e6 9. O-O Ne7 10. Bg5 O-O 11. Rad1 f6 12. Be3 d5 13. Bc5 Bb7 14. Rfe1 Re8
15. Bxe7 Rxe7 16. exd5 exd5 17. Rxe7 Qxe7 18. Nxd5 cxd5 19. Bxd5+ Kh8 20. Bxb7
Rb8 21. Bd5 Rxb2 22. Bb3 f5 23. Qd5 Qf8 24. Qe6 Bf6 25. g3 f4 26. gxf4 g5 27. f5
g4 28. Rd7 Rb1+ 29. Kg2 1-0

[Event "Dutch Open 2014"]
[Site "Dieren NED"]
[Date "2014.07.22"]
[Round "1.22"]
[White "Stolwijk, Colin"]
[Black "Struik, Tjapko"]
[Result "0-1"]
[WhiteElo "2075"]
[BlackElo "2292"]
[WhiteFideId "1033743"]
[BlackFideId "1011243"]
[EventDate "2014.07.22"]

1. e4 c5 2. Nf3 e6 3. c3 Nf6 4. e5 Nd5 5. d4 cxd4 6. cxd4 b6 7. Be2 Be7 8. O-O
O-O 9. Nc3 Bb7 10. Bd2 Nxc3 11. Bxc3 d6 12. Qc2 Nc6 13. a3 Rc8 14. Rfd1 Na5 15.
Nd2 Bd5 16. Qa4 Nc6 17. Nc4 dxe5 18. Nxe5 Rc7 19. Rd3 Qa8 20. Bf3 Rd8 21. Rad1
Bf6 22. Ng4 Ne7 23. Nxf6+ gxf6 24. Bb4 Nf5 25. Bg4 Nh4 26. Rg3 Kh8 27. f3 Ng6
28. Bd2 Rc4 29. Qb5 Rxd4 30. f4 Bc4 31. Qh5 Rxd2 32. Rc1 Nxf4 0-1

[Event "Dutch Open 2014"]
[Site "Dieren NED"]
[Date "2014.07.22"]
[Round "1.23"]
[White "Mostertman, Milan"]
[Black "Lecomte, Robin"]
[Result "0-1"]
[WhiteTitle "FM"]
[WhiteElo "2284"]
[BlackElo "2056"]
[WhiteFideId "1025848"]
[BlackFideId "1037170"]
[EventDate "2014.07.22"]

1. e4 c5 2. Nf3 e6 3. d4 cxd4 4. Nxd4 Nc6 5. g3 Qc7 6. Be3 a6 7. a4 Nf6 8. Bg2
h5 9. h3 h4 10. g4 d6 11. O-O Be7 12. c4 Nd7 13. Nc3 Nxd4 14. Bxd4 Qxc4 15. Bxg7
Rg8 16. Bd4 Nc5 17. Rc1 Nb3 18. Bb6 Nxc1 19. Qxc1 Bd7 20. Qe3 Qb4 21. f4 Rc8 22.
f5 Qxb2 23. fxe6 fxe6 24. Ne2 Rc2 25. Bf3 Bg5 26. Qf2 Rf8 27. Bd4 Qb3 28. Kg2
Bxa4 29. e5 Rxf3 0-1

[Event "Dutch Open 2014"]
[Site "Dieren NED"]
[Date "2014.07.22"]
[Round "1.24"]
[White "Kazarian, Anna-Maja"]
[Black "Zwirs, Nico"]
[Result "0-1"]
[WhiteTitle "WFM"]
[WhiteElo "2025"]
[BlackElo "2284"]
[WhiteFideId "1033689"]
[BlackFideId "1036432"]
[EventDate "2014.07.22"]

1. e4 c5 2. Nf3 d6 3. d4 cxd4 4. Nxd4 Nf6 5. Nc3 Nc6 6. Nb3 e6 7. Be3 Be7 8. Be2
a6 9. a4 b6 10. O-O Bb7 11. f4 Qc7 12. Bf3 h5 13. Qe2 h4 14. g4 hxg3 15. hxg3
Nd7 16. Kg2 g5 17. f5 Nde5 18. Bh5 O-O-O 19. Bxf7 Nxf7 20. fxe6 d5 21. exf7 d4
22. Qg4+ Kb8 23. Nd5 Ne5 24. Qe6 Qxc2+ 25. Nd2 dxe3 26. Qxe5+ Bd6 27. Qc3 Qxd2+
28. Qxd2 exd2 29. Rf5 Bxd5 30. exd5 Rhf8 31. Rd1 Bb4 32. Rdf1 Rd7 33. d6 Rfxf7
34. Rxf7 Rxf7 35. Rxf7 d1=Q 0-1

[Event "Dutch Open 2014"]
[Site "Dieren NED"]
[Date "2014.07.22"]
[Round "1.25"]
[White "Beerdsen, Thomas"]
[Black "Van Liempt, Michael"]
[Result "1-0"]
[WhiteElo "2260"]
[BlackElo "2016"]
[WhiteFideId "1030108"]
[BlackFideId "1012665"]
[EventDate "2014.07.22"]

1. e4 c5 2. Nf3 Nc6 3. c3 Nf6 4. Qc2 e6 5. d3 d5 6. Nbd2 Be7 7. Be2 O-O 8. O-O
Qc7 9. Re1 b6 10. Nf1 dxe4 11. dxe4 Bb7 12. Bg5 Rad8 13. Bd3 h6 14. Bh4 Nh5 15.
Bg3 Nxg3 16. Nxg3 Rd7 17. e5 Rfd8 18. Be4 b5 19. Qe2 c4 20. Bc2 Nb8 21. Nh5 Na6
22. Nd4 Rxd4 23. cxd4 Rxd4 24. Rad1 Qc6 25. f3 Qb6 26. Kh1 g6 27. Nf6+ Bxf6 28.
exf6 Nb4 29. Bxg6 Rxd1 30. Qxd1 Nd5 31. Be4 Qf2 32. Re2 Qh4 33. Qd4 Qg5 34. Qxa7 1-0